[Event "Kesarovski Georgiev Memorial 7th"]
[Site "Sunny Beach"]
[Date "2008.09.10"]
[Round "3"]
[White "Sladek, Vladislav"]
[Black "Nikolov, Radoslav"]
[Result "1-0"]
[WhiteElo "2071"]
[BlackElo "2143"]
[PlyCount "58"]
[EventDate "2008.09.08"]
[EventType "swiss"]
[EventRounds "9"]
[EventCountry "BUL"]
[SourceTitle "CBM 126 Extra"]
[Source "ChessBase"]
[SourceDate "2008.11.05"]
[SourceVersion "1"]
[SourceVersionDate "2008.11.05"]
[SourceQuality "1"]

1. e4 e5 2. Bc4 Nf6 3. d4 exd4 4. Nf3 Bb4+ 5. c3 dxc3 6. bxc3 Bc5 7. e5 Ne4 8. Qd5 Bxf2+ 9. Kf1 0-0 10. Qxe4 Bc5 11. Ng5 g6 12. h4 c6 13. Nxf7 d5 14. exd6 Qf6+ 15. Qf4 Qxf4+ 16. Bxf4 Rxf7 17. Nd2 Bf5 18. Bxf7+ Kxf7 19. Nb3 Bb6 20. Nd4 Bd3+ 21. Ke1 Nd7 22. Kd2 Be4 23. Rae1 Re8 24. Rhf1 Kg8 25. Bh6 Bd8 26. Rf4 Nc5 27. d7 Nxd7 28. Rfxe4 Rxe4 29. Rxe4 Nf6 1-0